000 00810cab a22001935a 4500
001 L140817
008 071012e20070919xxk f 000 0 eng d
035 _a(Sirsi) u140817
041 0 _aeng
100 1 _aAtkinson, James
245 0 0 _aCity deal puts Skanska on top
260 _c2007
490 _aContract Journal
_v440(6643) 19 September 2007, 12-13(2)
520 _aSkanska topped the construction market in August, due largely to a contract to design and construct a new office and retail development, The Walbrook, in the City of London. The commercial sector dominated the construction market. In fiscal terms it covered more than half of new orders. Charts, tables and statistics.
590 _aKA
651 4 _aUnited Kingdom
_y
690 _aBUILT ENVIRONMENT-CONSTRUCTION MARKET
942 _n0
999 _c79356
_d79356